Centroamericanos famosos por imagen - Estadísticas

Estadísticas generales
  • Esta prueba ha sido intentada 105 veces
  • La puntuación promedio es 4 de 16
Estadísticas de respuestas
Imagen Hint Respuesta % Correcto
Costa Rica Keylor Navas
77%
El Salvador Nayib Bukele
77%
Panamá Sech
57%
Guatemala Ricardo Arjona
39%
Guatemala Óscar Isaac
34%
Nicaragua Daniel Ortega
27%
Nicaragua Rubén Dario
20%
Panamá Rubén Blades
18%
Honduras David Suazo
9%
El Salvador Óscar Romero
9%
Costa Rica Araya Vlogs
8%
Panamá Román Torres
8%
Honduras Carlos Pavón
5%
Guatemala Gaby Moreno
5%
Costa Rica Debi Nova
4%
Panamá Anyuri
3%
No se encontraron pruebas coincidentes
Distribución de puntuación
Porcentaje de gente con cada puntuación
Porcentaje por número respondido
Historial de tus puntuaciones
No has intentado esta prueba.